000 01206naa a22002897a 4500
001 BR7802740
003 BR-BrBNA
005 20240918174058.0
007 ta
008 230509b bl.||||| |||| 00| 0 por d
040 _aBR-BrBNA
_bpor
_cBiblioteca Nacional de Agricultura
041 _a(Pt)
072 _aH20
_b0332
_b4120
_bG514
090 _aH20 BR7802740
100 1 _aSantos, J.H.R. dos
100 1 _aPonte, J.J. da
245 1 _aConotacoes de severidade de uma incidencia da ferrugem sobre uma cultura de amendoim, no Estado do Ceara, Brasil [Arachis hypogaea]
260 3 _aFortaleza, CE (Brasil):
_c1977.
500 _aConvenio BNB/UFC. Programa de experimentacao com as culturas do amendoim, mamona e soja no Estado do Ceara. Relatorio de pesquisa 1976 Fortaleza, CE (Brasil): 1977. p. 151-155 (BR7802740-AM)H20
650 _aAMENDOIM
650 _aDOENCA DE PLANTA
650 _aFERRUGEM
650 _aCEARA
773 0 _tConvenio BNB/UFC. Programa de experimentacao com as culturas do amendoim, mamona e soja no Estado do Ceara. Relatorio de pesquisa 1976
_wH20 BR7802740
_gFortaleza, CE (Brasil), 1977. p. 151-155
909 _a202404
_bLucia
_c55
_dLucia Elande
942 _cAM
_2AGRIS
999 _c308773
_d308773